Két évtized a "vasállaton"
Elmentve itt :
| Szerző: | |
|---|---|
| Dokumentumtípus: | Cikk |
| Megjelent: |
1970-12-13
|
| Sorozat: | Délmagyarország
60 No. 292 |
| Kulcsszavak: | Csonka János, Vasutasok Szeged 1970, vasutak, MÁV |
| Online Access: | http://dmarchiv.bibl.u-szeged.hu/69726 |
| LEADER | 00488nab a2200157 i 4500 | ||
|---|---|---|---|
| 001 | delm69726 | ||
| 005 | 20180927153641.0 | ||
| 008 | 180927s1970 hu o 0|| hun d | ||
| 040 | |a SZTE Délmagyarország Archívum |b hun | ||
| 041 | |a hun | ||
| 100 | 1 | |a Farkas László | |
| 245 | 1 | 0 | |a Két évtized a "vasállaton" |h [elektronikus dokumentum] / |c Farkas László |
| 260 | |c 1970-12-13 | ||
| 300 | |a 5 | ||
| 490 | 0 | |a Délmagyarország |v 60 No. 292 | |
| 695 | |a Csonka János, Vasutasok Szeged 1970, vasutak, MÁV | ||